000 00422 a2200157 4500
999 _c6555
_d6555
020 _a1779004494
050 _aPL8842.Z3 MNK 2003
100 _aMnkandla, P.N.
245 _aIhawu lababalisi 2 /
_cP.N. Mnkandla; Mpendulo Sibanda
264 _aHarare
_bCollege Presss
_c2003
300 _a59p. ;
500 _aNdebele
650 _aNdebele literature
700 _aSibanda, Mpendulo
942 _2lcc
_cBK
_h8842.Z3
_iMNK
_k2003